| 000 | 00352nam a2200145Ia 4500 | ||
|---|---|---|---|
| 008 | 230312s9999||||xx |||||||||||||| ||und|| | ||
| 020 | _a0-8031-0352-2 | ||
| 082 |
_a628.922 _bROB-F |
||
| 100 | _aRobertson;A.F | ||
| 245 | 0 | _aFIRE Standards and Safety | |
| 260 |
_bASTM _aUSA _c1986 |
||
| 300 | _a345 | ||
| 650 |
_aEngineering _vMechanical |
||
| 942 | _cBK | ||
| 999 |
_c13973 _d13973 |
||